00834cam a2200229 4500001001300000003000400013005001700017008004100034010002200075025001900097043003000116050000800146082001300154110005300167245012600220260009800346300001800444650004000462650004000502650004500542999001700587sa 68013854 DLC20260227112626.0691205s1968 ii 00000 eng  asa 68013854 //r89 aPL480:I-E-9907 aa-ii---ae-yu---af-ua---0 aLAW a382/.95410aIndia (Republic).kTreaties, etc. Dec. 23, 1967.10aTrade expansion and economic cooperation agreement between India, U.A.R. and Yugoslavia, concluded on 23rd December 1967.0 aNew Delhi,bDirectorate of Commercial Publicity, Ministry of Commerce, Govt. of Indiac[1968] a39 p.c24 cm. 0aTariffxLaw and legislationzIndia. 0aTariffxLaw and legislationzEgypt. 0aTariffxLaw and legislationzYugoslavia. c85403d85403